000 00287nam a2200121Ia 4500
008 191201s2009 xx 000 0 und d
100 _aLIPSCHUTZ, Seymour
245 0 _aDiscrete Mathematics
260 _aN. delhi
_bTMH
_c2009
300 _aMisc
650 _aB.Tech(CSE)
942 _2ddc
_cBK
999 _c6376
_d6376